Lista duchi di Savoia e re d'Italia - Statistics

Statistiche generali
  • Questo quiz è stato fatto 89 volte
  • Il punteggio medio è 12 su 25
Statistiche sulle risposte
ANNI DI REGNO DUCA % Corretto
1802-1821 Vittorio Emanuele
99%
1878-1900 Umberto I
91%
1849-1878 Vittorio Emanuele II
91%
1482-1490 Carlo
90%
1946 Umberto II
90%
1900-1946 Vittorio Emanuele III
90%
1831-1849 Carlo Alberto
79%
1821-1831 Carlo Felice
49%
1553-1580 Emanuele Filiberto
49%
1630-1637 Vittorio Amedeo
49%
1490-1496 Carlo II
43%
1504-1553 Carlo III
42%
1580-1630 Carlo Emanuele
39%
1675-1730 Vittorio Amedeo II
39%
1773-1796 Vittorio Amedeo III
36%
1638-1675 Carlo Emanuele II
28%
1472-1482 Filiberto
28%
1730-1773 Carlo Emanuele III
27%
1796-1802 Carlo Emanuele IV
21%
1416-1440 Amedeo VIII
19%
1465-1472 Amedeo IX
18%
1497-1504 Filiberto II
18%
1440-1465 Ludovico
13%
1496.1497 Filippo II
10%
1637-1638 Francesco Giacinto
9%
Nessun quiz corrispondente trovato
Distribuzione punteggi
Percentuale di utenti per punteggio
Percentile per numero di risposta
I tuoi punteggi nel tempo
Non hai fatto questo quiz